[Event "FIDE World Cup 2025"]
[Site "Goa, India"]
[Date "2025.11.06"]
[Round "19.1"]
[White "Svane, Rasmus"]
[Black "Mamedov, Rauf"]
[Result "1-0"]
[TimeControl ": 90 minutes for the first 40 moves, followed by 30 minutes for the rest of the gamewith an increment of 30 seconds per move starting from move 1"]
[WhiteFideId "4657101"]
[BlackFideId "13401653"]
[WhiteElo "2614"]
[BlackElo "2655"]

1. d4 {[%emt 00:00:02]} Nf6 {[%clk 00:03:03]} 2. Nf3 {[%clk 00:04:04]} {[%emt
00:00:01]} g6 {[%clk 00:03:04]} 3. g3 {[%clk 00:04:05]} Bg7 {[%clk 00:03:05]}
{[%emt 00:00:01]} 4. Bg2 {[%clk 00:04:06]} {[%emt 00:00:01]} O-O {[%clk
00:03:04]} {[%emt 00:00:03]} 5. O-O {[%clk 00:04:06]} {[%emt 00:00:02]} c5
{[%clk 00:02:46]} {[%emt 00:00:21]} 6. dxc5 {[%clk 00:04:05]} {[%emt 00:00:02]}
Na6 {[%clk 00:02:47]} {[%emt 00:00:01]} 7. Be3 {[%clk 00:04:06]} {[%emt
00:00:01]} Ng4 {[%clk 00:02:45]} {[%emt 00:00:04]} 8. Bd4 {[%clk 00:04:06]}
{[%emt 00:00:02]} e5 {[%clk 00:02:43]} {[%emt 00:00:04]} 9. Bc3 {[%clk
00:04:07]} Re8 {[%clk 00:02:28]} {[%emt 00:00:17]} 10. h3 {[%clk 00:03:55]}
{[%emt 00:00:14]} Nh6 {[%clk 00:02:30]} 11. b4 {[%clk 00:03:47]} {[%emt
00:00:10]} Nc7 {[%clk 00:02:15]} {[%emt 00:00:17]} 12. Nfd2 {[%clk 00:03:08]}
{[%emt 00:00:40]} Nb5 {[%clk 00:02:01]} {[%emt 00:00:17]} 13. Bb2 {[%clk
00:03:06]} {[%emt 00:00:04]} d5 {[%clk 00:02:02]} 14. c4 {[%clk 00:03:03]}
{[%emt 00:00:06]} dxc4 {[%clk 00:01:59]} {[%emt 00:00:05]} 15. Nxc4 {[%clk
00:03:03]} {[%emt 00:00:01]} Be6 {[%clk 00:02:00]} {[%emt 00:00:01]} 16. Nba3
{[%clk 00:02:50]} {[%emt 00:00:15]} Nxa3 {[%clk 00:01:50]} {[%emt 00:00:12]} 17.
Nxa3 {[%clk 00:02:49]} {[%emt 00:00:02]} Qc8 {[%clk 00:01:50]} {[%emt
00:00:02]} 18. Nb5 {[%clk 00:02:43]} {[%emt 00:00:10]} Nf5 {[%clk 00:01:31]}
{[%emt 00:00:20]} 19. e4 {[%clk 00:02:39]} {[%emt 00:00:05]} Rd8 {[%clk
00:01:32]} 20. Qe2 {[%clk 00:02:10]} {[%emt 00:00:30]} Nd4 {[%clk 00:01:33]} 21.
Bxd4 {[%clk 00:02:10]} {[%emt 00:00:03]} exd4 {[%clk 00:01:35]} 22. Nd6 {[%clk
00:02:11]} {[%emt 00:00:01]} Rxd6 {[%clk 00:01:15]} {[%emt 00:00:22]} 23. cxd6
{[%clk 00:02:11]} {[%emt 00:00:01]} Bc4 {[%clk 00:01:16]} 24. Qd2 {[%clk
00:00:42]} {[%emt 00:01:31]} Bxf1 {[%clk 00:01:17]} 25. Rxf1 {[%clk 00:00:43]}
{[%emt 00:00:01]} Qe6 {[%clk 00:01:03]} {[%emt 00:00:16]} 26. f4 {[%clk
00:00:41]} {[%emt 00:00:03]} Qxd6 {[%clk 00:01:05]} {[%emt 00:00:01]} 27. e5
{[%clk 00:00:43]} Qb6 {[%clk 00:01:02]} {[%emt 00:00:04]} 28. a3 {[%clk
00:00:32]} {[%emt 00:00:14]} a5 {[%clk 00:00:56]} {[%emt 00:00:08]} 29. Rd1
{[%clk 00:00:28]} {[%emt 00:00:04]} axb4 {[%clk 00:00:55]} {[%emt 00:00:05]} 30.
Qxb4 {[%clk 00:00:26]} {[%emt 00:00:04]} Qxb4 {[%clk 00:00:52]} {[%emt
00:00:04]} 31. axb4 {[%clk 00:00:27]} Bf8 {[%clk 00:00:52]} {[%emt 00:00:02]}
32. Rxd4 {[%clk 00:00:22]} {[%emt 00:00:06]} Ra4 {[%clk 00:00:52]} {[%emt
00:00:03]} 33. Rd7 {[%clk 00:00:21]} {[%emt 00:00:03]} Ra1+ {[%clk 00:00:35]}
{[%emt 00:00:19]} 34. Kf2 {[%clk 00:00:16]} {[%emt 00:00:06]} Ra2+ {[%clk
00:00:36]} {[%emt 00:00:03]} 35. Kf1 {[%clk 00:00:15]} {[%emt 00:00:02]} Ra1+
{[%clk 00:00:29]} {[%emt 00:00:09]} 36. Kf2 {[%clk 00:00:17]} {[%emt 00:00:01]}
Ra2+ {[%clk 00:00:31]} 37. Kg1 {[%clk 00:00:18]} Ra1+ {[%clk 00:00:32]} 38. Kh2
{[%clk 00:00:19]} Ra2 {[%clk 00:00:23]} {[%emt 00:00:11]} 39. Rxb7 {[%clk
00:00:17]} {[%emt 00:00:04]} Rb2 {[%clk 00:00:24]} 40. b5 {[%clk 00:00:18]}
{[%emt 00:00:03]} h5 {[%clk 00:00:24]} {[%emt 00:00:02]} 41. Rb8 {[%clk
00:00:13]} {[%emt 00:00:06]} Kg7 {[%clk 00:00:25]} {[%emt 00:00:01]} 42. b6
{[%clk 00:00:13]} {[%emt 00:00:02]} Bc5 {[%clk 00:00:18]} {[%emt 00:00:09]} 43.
b7 {[%clk 00:00:14]} {[%emt 00:00:01]} Rb1 {[%clk 00:00:19]} 44. h4 {[%clk
00:00:15]} Bg1+ {[%clk 00:00:05]} {[%emt 00:00:17]} 45. Kh3 {[%clk 00:00:16]}
{[%emt 00:00:01]} Rb3 {[%clk 00:00:05]} {[%emt 00:00:01]} 46. Ra8 {[%clk
00:00:10]} {[%emt 00:00:08]} Bf2 {[%clk 00:00:05]} {[%emt 00:00:02]} 47. b8=Q
{[%clk 00:00:11]} {[%emt 00:00:01]} 1-0